000 01862nam0a22003251 4500
001 RU\NLR\A1SV\12660
005 20251203171251.9
035 _a(NLR Aleph) 009697984
090 _a9769707
_c9769707
100 _a19990708d1925 u y0rusy50 ca
101 0 _arus
102 _aRU
200 1 _aЮридическая помощь населению
_fЯ.Н.Бранденбургский
210 _aМ.
_cЮрид. изд-во
_d1925
215 _a26 с.
_d21 см
225 _aОбщедоступ. правовая б-ка
_vКн. N 3
300 _aСер. указана на обл.
451 0 _1001RU\NLR\A1SV\12661
_12001#$aЮридическая помощь населению$e[Где и как получить помощь советом, составлением заявления в суд и др. учреждения]$fЯ.Н.Бранденбургский
_1700#1$aБранденбургский$bЯ. Н.$f1881-1951$cгос. и парт. деятель$3RU\NLR\AUTH\770182995$gЯков Натанович
_99769713
_aБранденбургский, Я. Н. (гос. и парт. деятель ; 1881-1951)
_cМ.
_d1926
_e2-е изд.
_fЯ.Н.Бранденбургский
_nЮрид. изд-во Н.К.Ю. РСФСР
_o[Где и как получить помощь советом, составлением заявления в суд и др. учреждения]
_p26, [2] с.
_tЮридическая помощь населению
620 _dМосква
700 1 _aБранденбургский
_bЯ. Н.
_cгос. и парт. деятель
_f1881-1951
_gЯков Натанович
_9182944
_3RU\NLR\AUTH\770182995
801 0 _aRU
_bNLR
_c19990708
852 _aNLR
_j17.154.2.46-3
899 _aБАН
899 _aРКП
899 _aРГБ
899 _aNLG
942 _cBOOK
980 _aNB
980 _aA1SV